<?xml version="1.0" encoding="UTF-8"?>
<record
    xmlns:xsi="http://www.w3.org/2001/XMLSchema-instance"
    xsi:schemaLocation="http://www.loc.gov/MARC21/slim http://www.loc.gov/standards/marcxml/schema/MARC21slim.xsd"
    xmlns="http://www.loc.gov/MARC21/slim">

  <leader>03246nab a2200277 i 4500</leader>
  <controlfield tag="003">BR-BrBNA</controlfield>
  <controlfield tag="005">20240411144820.0</controlfield>
  <controlfield tag="008">240411b2013    bl.qr|pooa||| 00| 0 eng |</controlfield>
  <datafield tag="040" ind1=" " ind2=" ">
    <subfield code="a">BR-BrBNA</subfield>
    <subfield code="b">eng</subfield>
  </datafield>
  <datafield tag="072" ind1=" " ind2=" ">
    <subfield code="a">F60</subfield>
  </datafield>
  <datafield tag="100" ind1=" " ind2=" ">
    <subfield code="a">Ferreira, S.F.</subfield>
  </datafield>
  <datafield tag="100" ind1=" " ind2=" ">
    <subfield code="a">Azevedo, S.C.S.F.</subfield>
  </datafield>
  <datafield tag="100" ind1=" " ind2=" ">
    <subfield code="a">Vardanega-Peicher, M.</subfield>
  </datafield>
  <datafield tag="100" ind1=" " ind2=" ">
    <subfield code="a">Pagadigorria, C.L.S.</subfield>
  </datafield>
  <datafield tag="100" ind1=" " ind2=" ">
    <subfield code="a">Garcia, R.F.</subfield>
  </datafield>
  <datafield tag="245" ind1=" " ind2=" ">
    <subfield code="a">Anti-hiperglycemic effect of Quassia amara (Simaroubaceae) in normal and diabetic rats</subfield>
  </datafield>
  <datafield tag="500" ind1=" " ind2=" ">
    <subfield code="a">Publica&#xE7;&#xE3;o on-line; 34 ref.; 2 illus.;Summaries (En, Pt)</subfield>
  </datafield>
  <datafield tag="520" ind1=" " ind2=" ">
    <subfield code="a">
ABSTRACT: 

The anti-hyperglycemic effect of wood powder of Quassia amara (QA) was
evaluated in normal and in alloxan diabetes-induced rats. After a 12 h fast and glycemic
check, the animals were orally given 0.9% of saline (control group), metformin (500 mg/kg) or
QA (200 mg/kg) and, 30 minutes later, they received an oral glucose dose (1g/kg). The blood
glucose level was measured after 30, 60, 90 and 120 minutes. From the oral glucose dose, QA
showed anti-hyperglycemic effects, similar to metformin, only in the diabetic animals (p&lt;0.01)
when compared to the control group. Although the anti-hyperglycemic mechanism of action
of QA was not investigated, a mechanism similar to metformin can be suggested, since both
presented similar results for the conditions tested, that is, normal and diabetic rats. It is believed
that the use of QA in diabetics could help to control the blood glucose levels and be useful as
an alternative therapy.

Keywords: alloxan, anti-hyperglicemic effect, diabetes, Quassia amara</subfield>
  </datafield>
  <datafield tag="520" ind1=" " ind2=" ">
    <subfield code="a">
RESUMO: 

Efeito anti-hiperglic&#xEA;mico de Quassia amara (Simaroubaceae) em ratos normais
e diab&#xE9;ticos. O efeito anti-hiperglicemiante do p&#xF3; do lenho de Quassia amara (QA) foi avaliado
em ratos normais e diab&#xE9;ticos aloxana induzidos. Ap&#xF3;s jejum de 12 horas e verifica&#xE7;&#xE3;o da
glicemia, os animais receberam administra&#xE7;&#xE3;o oral de salina 0.9% (grupo controle), metformina
(500 mg/kg) ou QA (200 mg/kg) e 30 minutos depois carga oral de glicose (1g/kg). A glicemia foi
medida nos pr&#xF3;ximos 30, 60, 90 e 120 minutos. A partir da carga oral de glicose, a QA mostrou
efeito anti-hiperglicemiante, similar a metformina, somente nos animais diab&#xE9;ticos (p&lt;0.01)
quando comparados ao grupo controle. Embora o mecanismo de a&#xE7;&#xE3;o anti-hiperglicemiante
da QA n&#xE3;o tenha sido investigado, podemos sugerir um mecanismo semelhante &#xE0; metformina,
visto que ambos apresentaram resultados similares nas duas condi&#xE7;&#xF5;es testadas, ou seja,
animais normais e diab&#xE9;ticos. Acredita-se que o uso de QA, em diab&#xE9;ticos, possa auxiliar no
controle da glicemia e servir como terapia alternativa.

Palavras-chave: aloxana, efeito anti-hiperglicemiante, diabetes, Quassia amara</subfield>
  </datafield>
  <datafield tag="650" ind1=" " ind2=" ">
    <subfield code="a">DIABETE</subfield>
  </datafield>
  <datafield tag="650" ind1=" " ind2=" ">
    <subfield code="a">PLANTA MEDICINAL</subfield>
  </datafield>
  <datafield tag="773" ind1="0" ind2=" ">
    <subfield code="0">3543</subfield>
    <subfield code="9">314345</subfield>
    <subfield code="d">Botucatu-SP Instituto de Bioci&#xEA;ncias - Departamento de Qu&#xED;mica e Bioqu&#xED;mica 1998</subfield>
    <subfield code="o">2024-0601</subfield>
    <subfield code="t">Revista Brasileira de Plantas Medicinais (Brazil)</subfield>
    <subfield code="x">1516-0572</subfield>
    <subfield code="g">v. 15(3) p. 368-372; (2013)</subfield>
    <subfield code="w">BR2024000464</subfield>
  </datafield>
  <datafield tag="856" ind1=" " ind2=" ">
    <subfield code="u">https://www.scielo.br/j/rbpm/a/QYmhzwbrRhjCyGVS6LWbxtF/?format=pdf&amp;lang=en</subfield>
  </datafield>
  <datafield tag="942" ind1=" " ind2=" ">
    <subfield code="c">Anal&#xED;tica</subfield>
  </datafield>
  <datafield tag="999" ind1=" " ind2=" ">
    <subfield code="c">299134</subfield>
    <subfield code="d">299134</subfield>
  </datafield>
</record>
